| 000 | 00501nam a2200217Ia 4500 | ||
|---|---|---|---|
| 008 | 210210b1958 xxu||||| |||| 00| 0 eng d | ||
| 041 | _aeng | ||
| 082 | _a828/490 | ||
| 100 | _aPEARSON (Hesketh) | ||
| 245 | _aJohnson and Boswell: story of their lives | ||
| 260 |
_aLondon _bWilliam Heinemann Ltd. _c1958 |
||
| 650 | _atheir | ||
| 650 | _astory | ||
| 650 | _aof | ||
| 650 | _alives | ||
| 650 | _aJohnson | ||
| 650 | _aBoswell: | ||
| 650 | _aand | ||
| 690 | _aBiography | ||
| 906 | _a016334 | ||
| 999 |
_c135837 _d135837 |
||